History - European | 3 | 6 | 0 | 0 | 105 | 10 | 71.44 | 1 | 2 |
History - World | 1 | 4 | 0 | 0 | 55 | 50 | 70.00 | 0 | 0 |
History - Cross, Historiography, and Miscellaneous | 0 | 4 | 0 | 0 | 40 | 72 | 96.25 | 0 | 0 |
Other - Other Academic and General Knowledge | 1 | 2 | 0 | 0 | 35 | 57 | 77.33 | 0 | 0 |
Current Events - World | 0 | 2 | 0 | 0 | 20 | 75 | 86.00 | 0 | 0 |
Fine Arts - Painting | 0 | 2 | 0 | 0 | 20 | 83 | 94.50 | 0 | 0 |
Fine Arts - Photography | 0 | 2 | 0 | 0 | 20 | 103 | 104.50 | 0 | 0 |
History - American | 0 | 2 | 0 | 0 | 20 | 97 | 107.50 | 0 | 0 |
Social Science - Other | 1 | 0 | 0 | 0 | 15 | 38 | 38.00 | 0 | 0 |
Fine Arts - Miscellaneous | 0 | 1 | 0 | 0 | 10 | 116 | 116.00 | 0 | 0 |
Fine Arts - Architecture | 0 | 1 | 0 | 0 | 10 | 126 | 126.00 | 0 | 0 |
RMP - Christian Practice | 0 | 1 | 0 | 0 | 10 | 115 | 115.00 | 0 | 0 |
Fine Arts - Sculpture | 0 | 1 | 0 | 0 | 10 | 86 | 86.00 | 0 | 0 |
RMP - World Mythology | 0 | 1 | 0 | 0 | 10 | 106 | 106.00 | 0 | 0 |
Science - Biology | 0 | 1 | 0 | 0 | 10 | 117 | 117.00 | 0 | 0 |
Science - Computer Science | 0 | 1 | 0 | 0 | 10 | 112 | 112.00 | 0 | 0 |
RMP - Philosophy | 0 | 1 | 0 | 0 | 10 | 114 | 114.00 | 0 | 0 |